000 00824nam a22001937a 4500
999 _c371530
_d371530
008 201127b ||||| |||| 00| 0 eng d
040 _aDE-2950
_bger
_cDE-2950
_erda
041 _ager
245 _aRettungseinsatz im Kriegsgebiet.
_bKrieg: Der Verein "Paramedic" aus Frankfurt holt seit zwei Wochen schwerkranke Kinder, die unter herkömmlichen Bedingungen nicht transportfähig wären, aus Kliniken in der Ukraine. Dabei braucht er selbst Hilfe/
_cJan Siegel
264 _c2022
653 _aFrankfurt (Oder)
653 _aVerein "Paramedic"
653 _aUkraine-Krieg
773 _dFrankfurt (Oder) Märkisches Verlags- und Druckhaus GmbH & Co KG
_tMärkische Oderzeitung
_g33. Jahrgang (2022) Nr. 66 vom 19./20.03.2022, S. 19
942 _cA